Bilance živin u obilovin na kontrolních stanovištích

Bibliographic Details
Main Author: Baierová, Věra (Author)
Format: Article
Language:Czech
PhysicalDescription:Obr. 6, tab. 1, lit. 1 zázn. v češ.
ISSN:0002-1830
Subjects:

MARC

LEADER 00000nab a2200000 a 4500
001 vtls000472848
003 SK-MaSNL
005 20260304233903.0
008 230120c1992 xo 0 cze
015 |a SNBRB19rr/mm-uuuuu 
035 |a CL0472982 
035 |a urn:nbn:sk:snk-abbn51 
035 |a (urnnbn)urn:nbn:sk:snk:ar-0062t2 
035 |a (uuid)e6f3cdaa-5c18-4ff3-88b0-146cde9af35a 
040 |a SNKBUCL  |b slo  |c SNKBUCL  |e AACR2 
041 0 |a cze 
044 |a xo  |c SK 
080 |a 631.81.031:633.1  |2 1981 
080 |a 633.1  |2 1981 
100 1 |a Baierová, Věra  |4 aut  |9 622552 
245 1 0 |a Bilance živin u obilovin na kontrolních stanovištích  |c Věra Baierová 
300 |b Obr. 6, tab. 1, lit. 1 zázn. v češ. 
650 0 7 |a výživa rastlín  |2 snkbucl  |9 19926 
650 0 7 |a obilniny  |2 snkbucl  |9 19007 
655 7 |a články z novín a časopisov  |2 snkbucl  |9 267496 
773 0 |t Agrochémia  |g Roč. 32, č. 10 (1992), s. 236-238  |x 0002-1830 
850 |a Slovenská národná knižnica v Martine  |a MTA001 
852 |a SNK  |b KIS3GCP 
954 |a odborná, vedecká literatúra cudzojazyčná (svetová)  |2 lita 
954 |a odborná, vedecká literatúra pôvodná (slovenská)  |2 lita 
958 |a OND 
958 |a RK 
958 |a EUIPO 
958 |a article15 
992 |a RBX 
999 |c 3200717  |d 3202647